Mein Kampf / (Record no. 533419)
[ view plain ]
| 000 -LEADER | |
|---|---|
| fixed length control field | 01502cam a2200385 a 4500 |
| 001 - CONTROL NUMBER | |
| control field | 16477037 |
| 003 - CONTROL NUMBER IDENTIFIER | |
| control field | Nust |
| 005 - DATE AND TIME OF LATEST TRANSACTION | |
| control field | 20200101115904.0 |
| 008 - FIXED-LENGTH DATA ELEMENTS--GENERAL INFORMATION | |
| fixed length control field | 100925s2009 xx a 000 0aeng |
| 010 ## - LIBRARY OF CONGRESS CONTROL NUMBER | |
| LC control number | 2010513591 |
| 020 ## - INTERNATIONAL STANDARD BOOK NUMBER | |
| International Standard Book Number | 978-1908538697 |
| 035 ## - SYSTEM CONTROL NUMBER | |
| System control number | (OCoLC)ocn444495428 |
| 038 ## - RECORD CONTENT LICENSOR | |
| Staff Name | MSOHAIL |
| 040 ## - CATALOGING SOURCE | |
| Original cataloging agency | WIQ |
| Transcribing agency | WIQ |
| Modifying agency | YDXCP |
| -- | IUI |
| -- | DLC |
| 041 1# - LANGUAGE CODE | |
| Language code of text/sound track or separate title | eng |
| Language code of original | ger |
| 042 ## - AUTHENTICATION CODE | |
| Authentication code | lccopycat |
| 043 ## - GEOGRAPHIC AREA CODE | |
| Geographic area code | e-gx--- |
| 050 00 - LIBRARY OF CONGRESS CALL NUMBER | |
| Classification number | DD247.H5 |
| Item number | A313 2009b |
| 082 04 - DEWEY DECIMAL CLASSIFICATION NUMBER | |
| Classification number | 943.086092 |
| Author Mark | KAM |
| 100 1# - MAIN ENTRY--PERSONAL NAME | |
| Personal name | Hitler, Adolf, |
| Dates associated with a name | 1889-1945. |
| 9 (RLIN) | 27291 |
| 240 10 - UNIFORM TITLE | |
| Uniform title | Mein Kampf. |
| Language of a work | English |
| 245 10 - TITLE STATEMENT | |
| Title | Mein Kampf / |
| Statement of responsibility, etc. | by Adolf Hitler. |
| 260 ## - PUBLICATION, DISTRIBUTION, ETC. | |
| Place of publication, distribution, etc. | New Delhi : |
| Name of publisher, distributor, etc. | Elite Minds Inc., |
| Date of publication, distribution, etc. | 2009. |
| 300 ## - PHYSICAL DESCRIPTION | |
| Extent | 635 p. : |
| Other physical details | ill. ; |
| Dimensions | 23 cm. |
| 500 ## - GENERAL NOTE | |
| General note | "The official Nazi English translation." |
| 500 ## - GENERAL NOTE | |
| General note | "This edition was first published between 1937-44 by Eher Nachf, G.M.B.H (Nazi Printing Office, Germany). This edition has been reformatted and compiled and is copyrighted by Elite Minds Inc."--Publisher's note. |
| 520 ## - SUMMARY, ETC. | |
| Summary, etc. | Tells the story of Hitler's life and his social and political philosophy. |
| 600 10 - SUBJECT ADDED ENTRY--PERSONAL NAME | |
| Personal name | Hitler, Adolf, |
| Dates associated with a name | 1889-1945 |
| General subdivision | Psychology. |
| 9 (RLIN) | 27292 |
| 600 10 - SUBJECT ADDED ENTRY--PERSONAL NAME | |
| Personal name | Hitler, Adolf, |
| Dates associated with a name | 1889-1945. |
| 9 (RLIN) | 27291 |
| 610 20 - SUBJECT ADDED ENTRY--CORPORATE NAME | |
| Corporate name or jurisdiction name as entry element | Nationalsozialistische Deutsche Arbeiter-Partei. |
| 9 (RLIN) | 27293 |
| 651 #0 - SUBJECT ADDED ENTRY--GEOGRAPHIC NAME | |
| Geographic name | Germany |
| General subdivision | Politics and government |
| Chronological subdivision | 20th century. |
| 9 (RLIN) | 27294 |
| 906 ## - LOCAL DATA ELEMENT F, LDF (RLIN) | |
| a | 7 |
| b | cbc |
| c | copycat |
| d | 2 |
| e | ncip |
| f | 20 |
| g | y-gencatlg |
| 942 ## - ADDED ENTRY ELEMENTS (KOHA) | |
| Source of classification or shelving scheme | |
| Koha item type | Book |
| Withdrawn status | Lost status | Source of classification or shelving scheme | Damaged status | Not for loan | Permanent Location | Current Location | Date acquired | Total Checkouts | Full call number | Barcode | Date last seen | Price effective from | Koha item type |
|---|---|---|---|---|---|---|---|---|---|---|---|---|---|
| School of Civil and Environmental Engineering (SCEE) | School of Civil and Environmental Engineering (SCEE) | 01/01/2020 | 943.086092 KAM | NIT-8997 | 01/01/2020 | 01/01/2020 | Book |
